000 00269nam a22001217a 4500
008 170619b xxu||||| |||| 00| 0 eng d
041 _aeng
080 _a338
100 _a20
101 _aSHP
245 _aPOLITICLA ECONOMY NATIONAL
_cKAPSTEIN.B
942 _2udc
_cBK
999 _c18073
_d18073